ASME Turbo Expo 2017: Turbomachinery Technical Conference and Exposition - Volume 4A: Combustion, Fuels and Emissions

Detalles Bibliográficos
Formato: Electrónico Revista
Idioma:English
Publicado: ASME
Acceso en liña:Full text available on ASME[2017-2017]
Off-campus access
LEADER 01000cas a2200181 a 4500
001 AALConferenceProceedingsASME000655
008 230101c9999 xx r poo 0 0eng d
020 |a 978-0-7918-5084-8 
040 |a BD-DhAAL  |c BD-DhAAL 
245 0 0 |h [electronic resource]  |a ASME Turbo Expo 2017: Turbomachinery Technical Conference and Exposition - Volume 4A: Combustion, Fuels and Emissions 
260 |b ASME 
300 |a 1 online resource 
500 |a <strong>Off-Campus Access:</strong> Athens ID and Password Required 
500 |a <strong>On-Campus Access:</strong> No User ID or Password Required 
506 |a Electronic access restricted to authorized BRAC University faculty, staff and students 
538 |a Mode of access: Internet 
856 4 0 |z Full text available on ASME[2017-2017]  |u https://asmedigitalcollection.asme.org/GT/GT2017/volume/50848 
856 4 0 |z Off-campus access  |u https://go.openathens.net/redirector/bracu.ac.bd?url=https%3A%2F%2Fasmedigitalcollection.asme.org%2FGT%2FGT2017%2Fvolume%2F50848